Responses for Show #2814 - Thursday, November 21, 1996

1996 Tournament of Champions quarterfinal game 4.

Contestants

[<< previous game]

Lucien Schmit, a lawyer from Sherman Oaks, California

Bill Dickenson, a college instructor from Richardson, Texas

David Sampugnaro, a writer and consultant from Elmsford, New York

[next game >>]

Jeopardy! Round responses

HISTORY
TV ACTORS & ROLES
MYTHOLOGY
ON THE INTERNET
STATE CAPITALS
"C" CREATURES
    $100 7
the Rough Riders

David
    $100 23
Michael J. Fox

David
    $100 21
Midas

Bill
    $100 1
the Smithsonian Institution

Bill
    $100 2
Denver

Lucien
    $100 16
clams

Lucien
    $200 12
Hadrian

Bill
    $200 24
Carroll O'Connor

Lucien
    $200 22
(Lucien: What is the Argus?)
...
(Alex: Argus was the dog.)

the Argo

DavidLucien
    $200 8
Sandra Bullock

David
    $200 3
Madison

Lucien
    $200 17
coral

Lucien
    $300 13
Korea

Bill
    $300 25
Tom Selleck

Bill
    $300 28
the Fates

Lucien
    $300 9
Donald Trump

Bill
    $300 4
Dover (from DROVE)

David
    $300 18
crawfish (or crayfish)

David
    $400 14
Thirty Years' War

Lucien
    $400 26
Dennis Franz

David
    $400 29
satyrs

David
    $400 10
the Netherlands

Bill
    $400 5
Frankfort

Bill
    $400 19
the cuttlefish

Bill
    $600 15
Kenya

Lucien
    $500 27
Gale Gordon

David
    $500 30
Charon

Bill
    $500 11
Andrew Lloyd Webber

Triple Stumper
    $500 6
Helena, Montana

Bill
    $500 20
the cowrie

Bill

Scores at the first commercial break (after clue 14):

David Bill Lucien
$600 $2,200 $700

Scores at the end of the Jeopardy! Round:

David Bill Lucien
$2,500 $4,000 $1,900

Double Jeopardy! Round responses

WORLD GEOGRAPHY
DOCUMENTARIES
TRANSPORTATION
NATIVE AMERICANS
BALLET
19th CENTURY NOVELS
    $200 1
Caracas

Bill
    $200 9
Madonna

David
    $200 22
the Suez Canal

David
    $200 6
the Grand Canyon

Lucien
    $200 28
pas de deux

Bill
    $200 7
Treasure Island

Lucien
    $400 2
Beijing

Lucien
    $400 10
(Lucien: What is the AIDS Quilt?)
(David: What is an American Quilt?)

the Quilt

DavidBillLucien
    $400 23
Germany

Bill
    $400 17
Iowa

David
    $400 29
Chopin

Lucien
    $400 8
Les Miserables

Bill
    $1,500 3
(Lucien: What is Narvik?)

Bergen

Lucien
    $600 11
Nanook of the North

Bill
    $600 20
Gandhi

David
    $600 18
Geronimo

Lucien
    $600 26
Miss Julie

Triple Stumper
    $600 14
Charlotte Bronte

David
    $800 4
Manitoba

David
    $1,600 12
Hoop Dreams

Bill
    $800 24
bicycles

Lucien
    $800 19
(Lucien: Who are the Comanches?)

Zunis

Lucien
Triple Stumper
    $800 27
(David: Who is Diaghilev?)

Nijinsky

DavidBill
    $800 15
The Portrait of a Lady

Triple Stumper
    $1000 5
Killarney

Triple Stumper
    $1000 13
The Thin Blue Line

Lucien
    $1000 25
Saarinen

Lucien
    $1000 21
Olmecs

Bill
    $1000 30
Nureyev

Lucien
    $1000 16
Turgenev

Lucien

Scores at the end of the Double Jeopardy! Round:

David Bill Lucien
$4,100 $9,600 $5,800

Final Jeopardy! Round responses

TEXTBOOKS
(Alex: Ooh, that sounds intimidating!)
DavidWhat is The McGuffey Reader?
$4,100
LucienWhat is The McGuffey Reader?
$4,000
BillWhat is Grays Anatomy?
$2,001
Gray's Anatomy

Final scores:

David Bill Lucien
$0 $11,601 $1,800
3rd place: $1,000 if eliminated Automatic semifinalist 2nd place: $1,000 if eliminated

Game dynamics:

Coryat scores:

David Bill Lucien
$4,100 $8,800 $7,200
15 R,
2 W
21 R
(including 1 DD),
0 W
18 R
(including 1 DD),
4 W
(including 1 DD)

Combined Coryat: $20,100

[game clues] [game scores] [suggest correction]

Game tape date: 1996-10-08
The J! Archive is created by fans, for fans. Scraping, republication, monetization, and malicious use prohibited; this site may use cookies and collect identifying information. See terms. The Jeopardy! game show and all elements thereof, including but not limited to copyright and trademark thereto, are the property of Jeopardy Productions, Inc. and are protected under law. This website is not affiliated with, sponsored by, or operated by Jeopardy Productions, Inc. Join the discussion at JBoard.tv.